Princesses Disney par image - Statistiques

Statistiques générales
  • Ce quiz a été pris 4 389 fois
  • Le résultat moyen est 14 sur 15
Statistiques - réponses
Par images Réponse % Correct
Blanche-Neige
99%
Cendrillon/Ella
99%
Ariel
98%
Elsa
98%
Belle
97%
Jasmine
97%
Mulan
97%
Raiponce
97%
Anna
95%
Vaiana
93%
Aurore
92%
Pocahontas
87%
Tiana
84%
Merida
74%
Raya
68%
Aucun quiz correspondant
Distribution des résultats
% des personnes avec chaque résultat
Percentile par nombre de réponses
Votre historique - résultats
Vous n’avez pas pris ce quiz